000 00820nam a2200229 a 4500
001 000042153
005 20201002035955.0
008 131114s2001 sp 000 0 spa d
020 _a847577850X
040 _aDO-SdBNP
_bspa
_cBNPHU
082 _axxx
_bF735t
100 1 _aForsyth, Patrick
_969147
240 1 0 _a30 minutes-- before a presentation
_leng
245 1 0 _a30 minutos antes de una presentación /
_cPatrick Forsyth ; traducción, Gabriel Zadunaisky.
246 1 0 _aTreinta minutos antes de una presentación.
260 _aBarcelona :
_bGranica,
_c2001.
300 _a77 p. ;
_c18 cm.
490 1 _aAcción para el management
500 _aIncluye datos biográficos del autor en la solapa de la contracubierta.
700 1 _aZadunaisky, Gabriel
_etr.
_912546
830 0 _aAcción para el management
_969148
999 _c41642
_d41642